| 000 | 00331nam a22000977a 4500 | ||
|---|---|---|---|
| 008 | 190401b xxu||||| |||| 00| 0 eng d | ||
| 010 | _aHCMCAF120 | ||
| 245 | _aHIGH COURT MISCELLANEOUS CAUSE NO. 0045 OF 2010 ROSE MARY NALWADDA VS UGANDA AIDS COMMISSION | ||
| 260 | _c2010 | ||
| 500 | _3BEFORE: THE HONOURABLE MR. JUSTICE YOROKAMU BAMWINE | ||
| 999 |
_c8598 _d8598 |
||